| 000 | 01077nam a2200277 i 4500 | ||
|---|---|---|---|
| 003 | EG-ScBUE | ||
| 005 | 20240222110536.0 | ||
| 008 | 100707s1975 ua f 000 0 ara d | ||
| 017 | _a1975 / 2698 | ||
| 040 |
_aEG-ScBUE _bara _erda _cEG-ScBUE _dEG-ScBUE |
||
| 043 | _af-ua--- | ||
| 082 | 0 | 4 |
_222 _a962.054 _bط ا هـ |
| 100 | 1 |
_916019 _aطاهري، حمدي، _eمؤلف. |
|
| 245 | 1 | 0 |
_aحرب أكتوبر في الإعلام العالمي / _cبقلم دكتور حمدي الطاهري. |
| 264 | 1 |
_aالقاهرة : _bالمطبعة العالمية، _c1975. |
|
| 300 |
_a464 صفحة ؛ _c23 سم |
||
| 336 |
_2rdacontent _aنص _btxt |
||
| 337 |
_aبدون وسيط _2rdamedia _bn |
||
| 338 |
_aمجلد _bnc _2rdacarrier |
||
| 541 |
_aألف باء ; _cشراء ; |
||
| 650 | 7 |
_916117 _aحرب أكتوبر 1973 _zمصر. _2BUEsh |
|
| 650 | 7 |
_916026 _aحرب أكتوبر 1973 _zإسرائيل. _2BUEsh |
|
| 651 | 7 |
_914954 _aمصر _xتاريخ _yالعصر الحديث _yأنور السادات (1970-1981). _2BUEsh |
|
| 655 | _vReading book | ||
| 942 |
_2ddc _cBB |
||
| 999 |
_c14425 _d14425 |
||